The rumanian national movement in Transylvania, 1780-1849
Αποθηκεύτηκε σε:
| Κύριος συγγραφέας: | |
|---|---|
| Μορφή: | Βιβλίο |
| Γλώσσα: | English |
| Δημοσίευση: |
Cambridge :
Harvard University Press,
1969
|
| Σειρά: | Harvard historical monographs ;
; 61 |
| Θέματα: | |
| Ετικέτες: |
Προσθήκη ετικέτας
Δεν υπάρχουν, Καταχωρήστε ετικέτα πρώτοι!
|
MARC
| LEADER | 00000nam a2200000 i 4500 | ||
|---|---|---|---|
| 001 | 1/8448 | ||
| 008 | 961104s1969 eng d | ||
| 035 | |l 10017098 | ||
| 040 | |a GR-MY-UA |b gre |e aacr | ||
| 041 | 0 | |a eng | |
| 082 | 0 | |a 320.158094984 | |
| 100 | 1 | |a Hitchins, Keith |d 1931- | |
| 245 | 1 | 4 | |a The rumanian national movement in Transylvania, 1780-1849 / |c Keith Hitchins |
| 260 | |a Cambridge : |b Harvard University Press, |c 1969 | ||
| 300 | |a 316 p. | ||
| 490 | 1 | |a Harvard historical monographs |v ; 61 | |
| 504 | |a Includes index | ||
| 651 | 0 | |a Transylvania (Romania) |x Politics and government. | |
| 830 | 0 | |a Harvard historical monographs ; |v ; 61 | |
| 852 | |a INST |b LESVOS |e 19961104 |h 320.158094984 ΗΙΤ |p 005100012657 |q 005100012657 |t BK |y 0 | ||
| 909 | |a Λ |b 048714 | ||
| 922 | |a 1ΔΩΡ |b 199610 |c ΤΚΑ | ||